| 000 | 01419nam a22003857a 4500 | ||
|---|---|---|---|
| 003 | CHAP | ||
| 005 | 20220329140337.0 | ||
| 008 | 971013s1975 r 00010 d | ||
| 010 | _a50723 | ||
| 011 | _a51695 | ||
| 035 | _a55845 | ||
| 040 | _cCHAP | ||
| 090 | _aTesis | ||
| 100 | 0 | 0 |
_aRodríguez González, Fernando. _998540 |
| 245 | _aEvaluación de características edáficas, hidrológicas y climáticas con fines de producción de algunos cultivos en zonas áridas | ||
| 260 |
_aBuenavista, Saltillo : _bEl autor, _c1975 |
||
| 300 |
_a113 h. _b; gráfs. ; mapa |
||
| 502 | _aTesis (M. C. Esp. en Suelos e Irrigación) -- Escuela superior de Agricultura Antonio Narro. Colegio de Graduados | ||
| 590 |
_aALEPH _b10 _c20130110 _lUCH01 _h1325 |
||
| 590 |
_aBATCH-UPD _b10 _c20130110 _lUCH01 _h0818 |
||
| 590 |
_aBATCH-UPD _b10 _c20130410 _lUCH01 _h0455 |
||
| 590 |
_aBATCH-UPD _b10 _c20130914 _lUCH01 _h1119 |
||
| 590 |
_aCONVERSION _b10 _c20130109 _lUCH01 _h1328 |
||
| 650 | 1 | 4 |
_aCultivos _xRegiones áridas. _930317 |
| 650 | 1 | 4 |
_aCultivos _xRendimiento. _930318 |
| 650 | 1 | 4 |
_aLluvia _xRegiones áridas. _967337 |
| 650 | 1 | 4 |
_aRegiones áridas _xClima. _995677 |
| 650 | 1 | 4 |
_aSuelos y cultivos. _9110571 |
| 650 | 1 | 4 |
_aSuelos _xAnálisis. _9110204 |
| 650 | 1 | 4 |
_aSuelos _xFísica de. _9110373 |
| 650 | 1 | 4 |
_aSuelos _xRegiones áridas. _9110475 |
| 901 | _aBK | ||
| 942 | _cTESIS | ||
| 949 |
_bBC _cTES _d-122307 _eTS1 _i55845 _si |
||
| 999 |
_c50723 _d50723 |
||